00334nam a2200109Ia 4500008004100000082000800041100001600049245004300065942000600108952009500114999001500209240331s9999 xx 000 0 und d bKNI aKnight, G.R 0aColonial production in provincial Java cL 001040708LaWERCLbWERCLcSSCd2024-03-31l0o 338 KNIp3113r2024-03-31w2024-03-31yL c2765d2765